[Event "Team Championship Russia (Blitz, Men)"]
[Site "Sochi"]
[Date "2018.10.10"]
[Round "2.22"]
[White "Jary, Sergey"]
[Black "Lysyj, Igor"]
[Result "0-1"]
[BlackElo "2575"]
[WhiteElo "2305"]
[LiveChessVersion "1.4.8"]

1. Nf3 {[%clk 0:03:04]} Nf6 2. g3 b6 {[%clk 0:02:59]} 3. Bg2 {[%clk 0:03:07]} Bb7
{[%clk 0:03:00]} 4. O-O {[%clk 0:03:07]} c5 {[%clk 0:02:59]} 5. c4
{[%clk 0:03:08]} e6 {[%clk 0:02:59]} 6. d3 {[%clk 0:03:09]} Be7 {[%clk 0:02:57]}
7. e4 {[%clk 0:03:11]} O-O {[%clk 0:02:55]} 8. Nc3 {[%clk 0:03:12]} d6
{[%clk 0:02:47]} 9. h3 {[%clk 0:03:10]} a6 10. Nh2 Nc6 {[%clk 0:02:38]} 11. f4
{[%clk 0:03:12]} b5 {[%clk 0:02:36]} 12. b3 {[%clk 0:03:10]} Nd7 {[%clk 0:02:32]}
13. Bd2 {[%clk 0:03:04]} Nd4 {[%clk 0:02:27]} 14. Ne2 {[%clk 0:02:56]} Bf6 15.
Rb1 Nxe2+ {[%clk 0:02:18]} 16. Qxe2 {[%clk 0:02:59]} Nb8 {[%clk 0:02:18]} 17. Ng4
{[%clk 0:02:58]} Bd4+ {[%clk 0:02:18]} 18. Kh2 {[%clk 0:02:59]} Nc6
{[%clk 0:02:00]} 19. Ne3 {[%clk 0:02:40]} Qd7 {[%clk 0:01:44]} 20. Nc2
{[%clk 0:02:41]} Rae8 {[%clk 0:01:43]} 21. g4 {[%clk 0:02:41]} f5
{[%clk 0:01:42]} 22. g5 {[%clk 0:02:37]} e5 {[%clk 0:01:38]} 23. exf5
{[%clk 0:01:57]} exf4 {[%clk 0:01:38]} 24. Bd5+ {[%clk 0:01:58]} Kh8
{[%clk 0:01:38]} 25. Be6 {[%clk 0:01:59]} Rxf5 {[%clk 0:01:30]} 26. Rbe1
{[%clk 0:01:52]} Qe7 {[%clk 0:01:14]} 27. Qg4 {[%clk 0:01:31]} Rxg5
{[%clk 0:01:08]} 28. Qxf4 {[%clk 0:01:32]} Be5 {[%clk 0:01:02]} 29. Rxe5
{[%clk 0:01:26]} Rxe5 {[%clk 0:01:00]} 30. Bg4 {[%clk 0:01:23]} Nd4
{[%clk 0:00:58]} 31. Ne3 {[%clk 0:01:25]} h6 {[%clk 0:00:51]} 32. Rf2
{[%clk 0:01:19]} Rxe3 {[%clk 0:00:45]} 33. Bxe3 {[%clk 0:01:13]} Qxe3
{[%clk 0:00:46]} 34. Qxe3 {[%clk 0:01:13]} Rxe3 {[%clk 0:00:46]} 35. Rf7
{[%clk 0:01:14]} Bf3 {[%clk 0:00:41]} 36. Bd7 {[%clk 0:01:11]} Rxd3
{[%clk 0:00:35]} 37. h4 {[%clk 0:01:10]} Bh5 {[%clk 0:00:19]} 38. Rf8+
{[%clk 0:01:06]} Kh7 {[%clk 0:00:20]} 39. cxb5 {[%clk 0:01:07]} axb5 40. a4 bxa4
{[%clk 0:00:20]} 41. bxa4 {[%clk 0:01:10]} Ra3 {[%clk 0:00:21]} 42. Ra8
{[%clk 0:01:03]} g5 {[%clk 0:00:20]} 43. hxg5 {[%clk 0:01:01]} hxg5
{[%clk 0:00:21]} 44. Ra7 {[%clk 0:01:02]} Kg6 {[%clk 0:00:20]} 45. Be8+
{[%clk 0:01:03]} Kh6 {[%clk 0:00:21]} 46. Bd7 {[%clk 0:01:00]} Bf3
{[%clk 0:00:20]} 47. a5 {[%clk 0:00:59]} g4 {[%clk 0:00:20]} 48. Kg3
{[%clk 0:00:59]} Kg5 {[%clk 0:00:19]} 49. Be8 {[%clk 0:00:57]} Bc6+
{[%clk 0:00:18]} 0-1

[Event "Team Championship Russia (Blitz, Men)"]
[Site "Sochi"]
[Date "2018.10.10"]
[Round "2.23"]
[White "Shcherbakov, Ruslan"]
[Black "Papenin, Nikolai"]
[Result "0-1"]
[BlackElo "2337"]
[WhiteElo "2501"]
[LiveChessVersion "1.4.8"]

1. Nf3 {[%clk 0:03:01]} Nf6 {[%clk 0:03:04]} 2. c4 {[%clk 0:03:02]} g6
{[%clk 0:03:05]} 3. Nc3 {[%clk 0:02:59]} d5 {[%clk 0:03:07]} 4. cxd5
{[%clk 0:02:59]} Nxd5 {[%clk 0:03:08]} 5. h4 {[%clk 0:03:00]} h5 {[%clk 0:03:09]}
6. d3 {[%clk 0:02:49]} Bg7 {[%clk 0:03:09]} 7. Bd2 {[%clk 0:02:50]} O-O
{[%clk 0:03:05]} 8. g3 {[%clk 0:02:51]} c5 {[%clk 0:02:54]} 9. Bg2
{[%clk 0:02:52]} Nc6 {[%clk 0:02:54]} 10. O-O {[%clk 0:02:52]} Bg4
{[%clk 0:02:55]} 11. Rc1 {[%clk 0:02:51]} b6 {[%clk 0:02:47]} 12. a3
{[%clk 0:02:43]} Rc8 {[%clk 0:02:48]} 13. Nxd5 {[%clk 0:02:13]} Qxd5
{[%clk 0:02:49]} 14. b4 {[%clk 0:02:13]} Bb2 {[%clk 0:02:12]} 15. Rc4
{[%clk 0:02:06]} Qd7 {[%clk 0:01:56]} 16. Bh6 {[%clk 0:01:43]} Rfd8
{[%clk 0:01:49]} 17. bxc5 {[%clk 0:01:34]} Bxf3 {[%clk 0:01:33]} 18. Bxf3
{[%clk 0:01:28]} Ne5 {[%clk 0:01:33]} 19. Rf4 {[%clk 0:00:57]} Kh7
{[%clk 0:01:19]} 20. d4 {[%clk 0:00:47]} Bxd4 {[%clk 0:01:16]} 21. e3
{[%clk 0:00:20]} Bxc5 {[%clk 0:01:14]} 22. Qa1 {[%clk 0:00:21]} f6
{[%clk 0:01:06]} 23. Bg5 {[%clk 0:00:19]} Nxf3+ {[%clk 0:00:52]} 24. Rxf3
{[%clk 0:00:20]} Qd5 {[%clk 0:00:54]} 25. Rf4 {[%clk 0:00:17]} fxg5
{[%clk 0:00:50]} 26. hxg5 {[%clk 0:00:17]} Rf8 {[%clk 0:00:42]} 27. Rd1
{[%clk 0:00:17]} Qxg5 28. Kg2 Bd6 {[%clk 0:00:40]} 29. Rxf8 {[%clk 0:00:15]} Rxf8
{[%clk 0:00:41]} 30. Qd4 {[%clk 0:00:13]} Qf6 {[%clk 0:00:42]} 31. Qd2
{[%clk 0:00:14]} Qf3+ 32. Kg1 h4 {[%clk 0:00:40]} 33. gxh4 {[%clk 0:00:13]} Qg4+
{[%clk 0:00:39]} 34. Kf1 {[%clk 0:00:14]} Bg3 {[%clk 0:00:35]} 35. f4
{[%clk 0:00:13]} Qf3+ {[%clk 0:00:33]} 36. Kg1 {[%clk 0:00:14]} Bf2+
{[%clk 0:00:34]} 37. Kh2 {[%clk 0:00:14]} Qg3+ {[%clk 0:00:35]} 0-1

[Event "Team Championship Russia (Blitz, Men)"]
[Site "Sochi"]
[Date "2018.10.10"]
[Round "2.24"]
[White "Derjabin, Ilja"]
[Black "Gutenev, Alexander"]
[Result "0-1"]
[BlackElo "2440"]
[WhiteElo "2356"]
[LiveChessVersion "1.4.8"]

1. d4 {[%clk 0:03:03]} Nf6 {[%clk 0:03:04]} 2. c4 {[%clk 0:03:04]} g6
{[%clk 0:03:05]} 3. Nc3 {[%clk 0:03:05]} d5 {[%clk 0:03:06]} 4. Bg5
{[%clk 0:03:06]} Ne4 {[%clk 0:03:08]} 5. Bh4 {[%clk 0:03:08]} Nxc3
{[%clk 0:03:09]} 6. bxc3 {[%clk 0:03:09]} dxc4 {[%clk 0:03:10]} 7. e3
{[%clk 0:03:10]} Be6 {[%clk 0:03:10]} 8. Qb1 {[%clk 0:03:12]} b6 {[%clk 0:03:10]}
9. Nf3 {[%clk 0:03:12]} Bg7 {[%clk 0:03:09]} 10. Be2 {[%clk 0:03:13]} O-O
{[%clk 0:03:02]} 11. O-O {[%clk 0:03:14]} c5 {[%clk 0:02:57]} 12. Rd1
{[%clk 0:03:11]} Qc7 {[%clk 0:02:40]} 13. Qe4 {[%clk 0:02:44]} Nc6
{[%clk 0:02:30]} 14. d5 {[%clk 0:02:40]} Bf5 {[%clk 0:02:31]} 15. Qxc4
{[%clk 0:02:40]} Na5 {[%clk 0:02:25]} 16. Qa4 {[%clk 0:02:22]} Bxc3
{[%clk 0:02:19]} 17. Rac1 {[%clk 0:02:23]} Bb2 {[%clk 0:02:08]} 18. Bg3
{[%clk 0:02:20]} Qd7 {[%clk 0:02:05]} 19. Bb5 {[%clk 0:02:17]} Qc8
{[%clk 0:01:59]} 20. Qh4 {[%clk 0:02:08]} f6 {[%clk 0:01:30]} 21. e4
{[%clk 0:01:51]} Bg4 {[%clk 0:01:12]} 22. Rc2 {[%clk 0:01:51]} Bxf3
{[%clk 0:01:08]} 23. gxf3 {[%clk 0:01:50]} Be5 {[%clk 0:00:52]} 24. Bxe5
{[%clk 0:01:44]} fxe5 {[%clk 0:00:53]} 25. Qxe7 {[%clk 0:01:45]} Rxf3
{[%clk 0:00:40]} 26. Qe6+ {[%clk 0:01:44]} Kg7 {[%clk 0:00:24]} 27. Bd7
{[%clk 0:01:30]} Qf8 {[%clk 0:00:25]} 28. Qxe5+ {[%clk 0:01:31]} Kh6
{[%clk 0:00:26]} 29. Bg4 {[%clk 0:01:27]} Rf4 {[%clk 0:00:26]} 30. f3
{[%clk 0:01:24]} Re8 {[%clk 0:00:27]} 31. Qc3 {[%clk 0:01:16]} Nb7
{[%clk 0:00:23]} 32. e5 {[%clk 0:01:13]} g5 {[%clk 0:00:17]} 33. Re2
{[%clk 0:01:11]} Qg7 {[%clk 0:00:12]} 34. Kg2 {[%clk 0:01:10]} Nd6
{[%clk 0:00:10]} 35. Rde1 {[%clk 0:00:47]} Nb5 {[%clk 0:00:11]} 36. Qe3
{[%clk 0:00:43]} Nd4 {[%clk 0:00:12]} 37. Rd2 {[%clk 0:00:42]} Kg6
{[%clk 0:00:09]} 38. Qd3+ {[%clk 0:00:29]} Kh6 {[%clk 0:00:10]} 39. e6 Qf6 40. a4
{[%clk 0:00:18]} Kg7 {[%clk 0:00:13]} 41. Re4 {[%clk 0:00:14]} h6
{[%clk 0:00:06]} 42. Bh5 {[%clk 0:00:11]} Re7 {[%clk 0:00:07]} 43. Qe3
{[%clk 0:00:10]} Nf5 {[%clk 0:00:08]} 44. Qd3 {[%clk 0:00:11]} Nh4+
{[%clk 0:00:09]} 45. Kh1 {[%clk 0:00:11]} Nxf3 {[%clk 0:00:10]} 46. Bxf3
{[%clk 0:00:08]} Rxf3 {[%clk 0:00:11]} 47. Qe2 {[%clk 0:00:10]} Rf1+
{[%clk 0:00:10]} 48. Kg2 {[%clk 0:00:11]} Rf4 {[%clk 0:00:09]} 49. Rxf4 gxf4
{[%clk 0:00:10]} 50. Kf3 {[%clk 0:00:08]} Qf5 {[%clk 0:00:11]} 51. Kg2
{[%clk 0:00:05]} Qg5+ {[%clk 0:00:12]} 52. Kh1 {[%clk 0:00:06]} Qf5
{[%clk 0:00:13]} 53. Qf3 {[%clk 0:00:06]} Qe5 {[%clk 0:00:14]} 54. Rg2+
{[%clk 0:00:07]} Kf6 {[%clk 0:00:15]} 55. Rg4 {[%clk 0:00:08]} Qe1+ 56. Kg2 Qd2+
{[%clk 0:00:15]} 57. Kh3 {[%clk 0:00:12]} Ke5 {[%clk 0:00:16]} 58. Rh4
{[%clk 0:00:12]} Kd6 {[%clk 0:00:17]} 59. Qxf4+ {[%clk 0:00:14]} Qxf4
{[%clk 0:00:18]} 60. Rxf4 Kxd5 61. Rf7 {[%clk 0:00:13]} Kxe6 {[%clk 0:00:21]} 62.
Rf1 {[%clk 0:00:10]} Kd5 {[%clk 0:00:21]} 63. Kg4 {[%clk 0:00:11]} Re5
{[%clk 0:00:22]} 64. h4 {[%clk 0:00:10]} c4 {[%clk 0:00:22]} 65. Rd1+
{[%clk 0:00:11]} Kc6 {[%clk 0:00:23]} 66. h5 {[%clk 0:00:12]} Rc5
{[%clk 0:00:24]} 67. Kf4 {[%clk 0:00:12]} c3 {[%clk 0:00:25]} 68. Ke3
{[%clk 0:00:13]} c2 {[%clk 0:00:27]} 69. Rc1 {[%clk 0:00:15]} 0-1

[Event "Team Championship Russia (Blitz, Men)"]
[Site "Sochi"]
[Date "2018.10.10"]
[Round "2.25"]
[White "Rozhko, Dmitry"]
[Black "Potapov, Pavel"]
[Result "0-1"]
[BlackElo "2459"]
[WhiteElo "2218"]
[LiveChessVersion "1.4.8"]

1. e4 {[%clk 0:03:03]} c5 {[%clk 0:03:03]} 2. c3 {[%clk 0:03:04]} Nf6
{[%clk 0:03:04]} 3. e5 {[%clk 0:03:05]} Nd5 {[%clk 0:03:05]} 4. Nf3
{[%clk 0:03:06]} Nc6 {[%clk 0:03:06]} 5. Bc4 {[%clk 0:03:07]} Nb6
{[%clk 0:03:07]} 6. Bb3 {[%clk 0:03:08]} d5 {[%clk 0:02:54]} 7. exd6
{[%clk 0:03:08]} c4 {[%clk 0:02:52]} 8. Bc2 {[%clk 0:03:07]} Qxd6
{[%clk 0:02:52]} 9. O-O {[%clk 0:03:01]} e5 {[%clk 0:02:52]} 10. d3
{[%clk 0:02:44]} cxd3 {[%clk 0:02:52]} 11. Qxd3 {[%clk 0:02:40]} Qxd3
{[%clk 0:02:48]} 12. Bxd3 {[%clk 0:02:41]} f6 {[%clk 0:02:48]} 13. Nbd2
{[%clk 0:02:36]} Be6 {[%clk 0:02:48]} 14. Ne4 {[%clk 0:02:12]} O-O-O
{[%clk 0:02:46]} 15. Bc2 {[%clk 0:02:12]} Be7 {[%clk 0:02:45]} 16. Be3
{[%clk 0:02:04]} Nc4 {[%clk 0:02:43]} 17. Bb3 {[%clk 0:01:51]} Bd5
{[%clk 0:02:38]} 18. Ng3 {[%clk 0:01:46]} g6 {[%clk 0:02:21]} 19. Rfd1
{[%clk 0:01:40]} Nxe3 {[%clk 0:02:16]} 20. fxe3 {[%clk 0:01:40]} Bxb3
{[%clk 0:02:16]} 21. axb3 {[%clk 0:01:40]} f5 {[%clk 0:02:10]} 22. e4
{[%clk 0:01:38]} f4 {[%clk 0:02:07]} 23. Ne2 {[%clk 0:01:33]} g5 {[%clk 0:02:08]}
24. h3 {[%clk 0:01:11]} h5 {[%clk 0:02:05]} 25. b4 {[%clk 0:00:43]} g4
{[%clk 0:01:55]} 26. Nd2 {[%clk 0:00:39]} b5 {[%clk 0:01:45]} 27. Nb3
{[%clk 0:00:39]} Kc7 {[%clk 0:01:36]} 28. Kf1 {[%clk 0:00:35]} Rhg8
{[%clk 0:01:27]} 29. Nc5 {[%clk 0:00:28]} Bxc5 {[%clk 0:01:15]} 30. bxc5
{[%clk 0:00:29]} a5 {[%clk 0:01:15]} 31. Ke1 {[%clk 0:00:26]} gxh3
{[%clk 0:01:00]} 32. gxh3 {[%clk 0:00:25]} f3 {[%clk 0:00:58]} 33. Rxd8
{[%clk 0:00:25]} Nxd8 {[%clk 0:00:42]} 34. Rxa5 {[%clk 0:00:23]} fxe2
{[%clk 0:00:38]} 35. Rxb5 {[%clk 0:00:23]} Rg2 {[%clk 0:00:31]} 36. b4
{[%clk 0:00:23]} Ne6 {[%clk 0:00:30]} 37. c6 {[%clk 0:00:16]} Ng5
{[%clk 0:00:27]} 38. Rb7+ {[%clk 0:00:09]} Kxc6 {[%clk 0:00:28]} 0-1

[Event "Team Championship Russia (Blitz, Men)"]
[Site "Sochi"]
[Date "2018.10.10"]
[Round "2.26"]
[White "Sergeyev, Alexander"]
[Black "Nechaev, Oleg"]
[Result "0-1"]
[BlackElo "2327"]
[WhiteElo "2277"]
[LiveChessVersion "1.4.8"]

1. e4 {[%clk 0:03:02]} c5 {[%clk 0:03:03]} 2. Nc3 {[%clk 0:03:03]} Nc6
{[%clk 0:03:04]} 3. Bb5 {[%clk 0:03:04]} g6 {[%clk 0:03:04]} 4. Bxc6
{[%clk 0:03:05]} dxc6 {[%clk 0:03:05]} 5. Nf3 {[%clk 0:03:05]} Bg7
{[%clk 0:03:06]} 6. O-O {[%clk 0:03:06]} Nf6 {[%clk 0:03:07]} 7. Re1
{[%clk 0:03:04]} O-O {[%clk 0:03:07]} 8. d3 {[%clk 0:03:02]} Ne8 {[%clk 0:03:08]}
9. h3 {[%clk 0:02:55]} e5 {[%clk 0:03:07]} 10. Be3 {[%clk 0:02:46]} b6
{[%clk 0:03:07]} 11. a4 {[%clk 0:02:46]} a5 {[%clk 0:03:04]} 12. Nd2
{[%clk 0:02:45]} Nc7 {[%clk 0:03:05]} 13. Nc4 {[%clk 0:02:41]} Ne6
{[%clk 0:03:05]} 14. Qd2 {[%clk 0:02:29]} Ra7 {[%clk 0:03:01]} 15. Kh1
{[%clk 0:02:21]} Kh8 {[%clk 0:02:56]} 16. f4 {[%clk 0:02:12]} exf4
{[%clk 0:02:49]} 17. Bxf4 {[%clk 0:02:12]} Nxf4 {[%clk 0:02:28]} 18. Qxf4
{[%clk 0:02:13]} Be6 {[%clk 0:02:14]} 19. Rad1 {[%clk 0:02:01]} Bxc4
{[%clk 0:02:10]} 20. dxc4 {[%clk 0:02:01]} Rd7 {[%clk 0:02:10]} 21. Rxd7
{[%clk 0:01:50]} Qxd7 {[%clk 0:02:11]} 22. e5 {[%clk 0:01:48]} Re8
{[%clk 0:01:59]} 23. Rd1 {[%clk 0:01:00]} Qe7 {[%clk 0:01:45]} 24. Qe4
{[%clk 0:00:53]} Bxe5 {[%clk 0:01:15]} 25. Qxc6 {[%clk 0:00:51]} Bxc3
{[%clk 0:01:01]} 26. bxc3 {[%clk 0:00:50]} Qe2 {[%clk 0:00:58]} 27. Qf6+
{[%clk 0:00:33]} Kg8 {[%clk 0:00:59]} 28. Rf1 {[%clk 0:00:34]} Qxc4
{[%clk 0:00:55]} 29. Rf3 {[%clk 0:00:29]} Qe6 {[%clk 0:00:52]} 30. Qxe6
{[%clk 0:00:23]} Rxe6 {[%clk 0:00:53]} 31. Rd3 {[%clk 0:00:22]} Re4
{[%clk 0:00:51]} 32. Rd6 {[%clk 0:00:23]} Rxa4 {[%clk 0:00:51]} 33. Rxb6
{[%clk 0:00:24]} Rc4 {[%clk 0:00:52]} 34. Ra6 {[%clk 0:00:19]} Rxc3
{[%clk 0:00:53]} 35. Rxa5 {[%clk 0:00:20]} Rxc2 {[%clk 0:00:54]} 36. Kh2
{[%clk 0:00:21]} h5 {[%clk 0:00:55]} 37. Kg3 {[%clk 0:00:22]} Kg7
{[%clk 0:00:56]} 38. Kf3 {[%clk 0:00:22]} c4 {[%clk 0:00:55]} 39. Rc5
{[%clk 0:00:23]} c3 {[%clk 0:00:56]} 40. Rc6 {[%clk 0:00:24]} Rc1
{[%clk 0:00:57]} 41. Rc7 {[%clk 0:00:21]} Kf6 {[%clk 0:00:57]} 42. Rc6+
{[%clk 0:00:21]} Ke5 {[%clk 0:00:59]} 43. Rc7 {[%clk 0:00:20]} Kd4
{[%clk 0:00:52]} 44. Ke2 {[%clk 0:00:12]} Rg1 {[%clk 0:00:44]} 45. Kf2
{[%clk 0:00:08]} Rb1 {[%clk 0:00:44]} 46. Ke2 {[%clk 0:00:04]} Rb2+
{[%clk 0:00:45]} 47. Kf3 {[%clk 0:00:05]} c2 {[%clk 0:00:44]} 48. Rd7+
{[%clk 0:00:04]} Kc3 {[%clk 0:00:44]} 49. Rc7+ {[%clk 0:00:04]} Kd2
{[%clk 0:00:45]} 50. Rd7+ {[%clk 0:00:05]} Kc1 {[%clk 0:00:45]} 51. Ke2
{[%clk 0:00:05]} Kb1 {[%clk 0:00:45]} 0-1

[Event "Team Championship Russia (Blitz, Men)"]
[Site "Sochi"]
[Date "2018.10.10"]
[Round "2.28"]
[White "Savitskiy, Sergey"]
[Black "Kozak, Alexander"]
[Result "1-0"]
[BlackElo "2431"]
[WhiteElo "2283"]
[LiveChessVersion "1.4.8"]

1. e4 {[%clk 0:03:03]} c6 {[%clk 0:03:03]} 2. d4 {[%clk 0:03:04]} d5
{[%clk 0:03:04]} 3. Nc3 g6 4. e5 {[%clk 0:03:03]} Bg7 5. h4 h5 {[%clk 0:02:48]}
6. Bg5 {[%clk 0:03:06]} Nh6 {[%clk 0:02:38]} 7. Bd3 {[%clk 0:02:57]} Qb6
{[%clk 0:02:32]} 8. Nge2 {[%clk 0:02:57]} Qxb2 {[%clk 0:02:28]} 9. O-O
{[%clk 0:02:43]} Qb6 {[%clk 0:02:28]} 10. Rb1 {[%clk 0:02:38]} Qc7
{[%clk 0:02:18]} 11. Ng3 {[%clk 0:02:35]} e6 {[%clk 0:02:05]} 12. Qd2
{[%clk 0:02:22]} Nf5 {[%clk 0:01:58]} 13. Nce2 {[%clk 0:02:14]} b5
{[%clk 0:01:56]} 14. a4 {[%clk 0:02:08]} a6 {[%clk 0:01:56]} 15. Ra1
{[%clk 0:01:48]} Ra7 {[%clk 0:01:46]} 16. Ra2 {[%clk 0:01:44]} Nd7
{[%clk 0:01:38]} 17. Rfa1 {[%clk 0:01:44]} Rb7 {[%clk 0:01:35]} 18. axb5
{[%clk 0:01:41]} axb5 {[%clk 0:01:35]} 19. Bxf5 {[%clk 0:01:04]} exf5
{[%clk 0:01:33]} 20. Nf4 {[%clk 0:01:04]} Nf8 {[%clk 0:01:14]} 21. Ra8
{[%clk 0:01:03]} Ne6 {[%clk 0:01:12]} 22. Nxe6 {[%clk 0:01:01]} fxe6
{[%clk 0:01:12]} 23. Qb4 {[%clk 0:00:56]} Kf7 {[%clk 0:01:11]} 24. Ne2
{[%clk 0:00:34]} Bf8 {[%clk 0:01:11]} 25. Qb2 {[%clk 0:00:31]} Be7
{[%clk 0:01:07]} 26. Qc1 {[%clk 0:00:27]} c5 {[%clk 0:01:00]} 27. Bxe7
{[%clk 0:00:27]} Qxe7 {[%clk 0:01:01]} 28. dxc5 {[%clk 0:00:24]} Qxc5
{[%clk 0:00:59]} 29. Qg5 {[%clk 0:00:23]} Qe7 {[%clk 0:01:00]} 30. Qg3
{[%clk 0:00:23]} Rd8 {[%clk 0:00:52]} 31. Nf4 {[%clk 0:00:24]} Rg8
{[%clk 0:00:50]} 32. Rxc8 {[%clk 0:00:24]} Rg7 {[%clk 0:00:11]} 33. Raa8
{[%clk 0:00:25]} g5 {[%clk 0:00:12]} 34. Rf8+ {[%clk 0:00:20]} Qxf8
{[%clk 0:00:12]} 35. Rxf8+ {[%clk 0:00:20]} Kxf8 {[%clk 0:00:13]} 36. Nxe6+
{[%clk 0:00:21]} Kg8 {[%clk 0:00:13]} 37. Nxg7 {[%clk 0:00:21]} Rxg7
{[%clk 0:00:14]} 38. hxg5 {[%clk 0:00:23]} 1-0

[Event "Team Championship Russia (Blitz, Men)"]
[Site "Sochi"]
[Date "2018.10.10"]
[Round "2.29"]
[White "Zhakamukhov, Eduard"]
[Black "Kretov, Evgenij"]
[Result "0-1"]
[BlackElo "2355"]
[WhiteElo "1904"]
[LiveChessVersion "1.4.8"]

1. e4 {[%clk 0:03:03]} c6 {[%clk 0:03:03]} 2. d4 {[%clk 0:03:04]} d5
{[%clk 0:03:05]} 3. Nc3 {[%clk 0:03:06]} dxe4 {[%clk 0:03:06]} 4. Nxe4
{[%clk 0:03:07]} Nd7 {[%clk 0:03:07]} 5. Nf3 {[%clk 0:03:08]} Ngf6
{[%clk 0:03:08]} 6. Nxf6+ {[%clk 0:03:09]} Nxf6 {[%clk 0:03:09]} 7. Bd3
{[%clk 0:03:10]} Bg4 8. c3 e6 {[%clk 0:03:11]} 9. h3 {[%clk 0:03:13]} Bh5
{[%clk 0:03:12]} 10. Bg5 {[%clk 0:03:14]} Be7 {[%clk 0:03:13]} 11. Qe2
{[%clk 0:03:14]} Qc7 {[%clk 0:03:09]} 12. O-O-O {[%clk 0:03:05]} O-O-O
{[%clk 0:03:06]} 13. Kb1 {[%clk 0:02:57]} Kb8 {[%clk 0:03:02]} 14. Rhe1
{[%clk 0:02:54]} Ka8 {[%clk 0:03:01]} 15. g4 {[%clk 0:02:46]} Bg6
{[%clk 0:03:01]} 16. Ne5 {[%clk 0:02:47]} Bxd3+ {[%clk 0:02:53]} 17. Rxd3
{[%clk 0:02:45]} h6 {[%clk 0:02:49]} 18. Bf4 {[%clk 0:02:36]} Bd6
{[%clk 0:02:45]} 19. Bg3 {[%clk 0:02:33]} Rhf8 {[%clk 0:02:39]} 20. f4
{[%clk 0:02:26]} c5 {[%clk 0:02:33]} 21. dxc5 {[%clk 0:02:14]} Qxc5
{[%clk 0:02:06]} 22. Bf2 {[%clk 0:01:59]} Qc7 {[%clk 0:02:06]} 23. Red1
{[%clk 0:01:56]} Nd5 {[%clk 0:02:03]} 24. Bg3 {[%clk 0:01:33]} Bxe5
{[%clk 0:01:48]} 25. fxe5 {[%clk 0:01:31]} Rc8 {[%clk 0:01:48]} 26. Qe4
{[%clk 0:01:23]} Qa5 {[%clk 0:01:39]} 27. Bf2 {[%clk 0:01:02]} Qb5
{[%clk 0:01:29]} 28. Ka1 {[%clk 0:00:50]} Rc4 {[%clk 0:01:22]} 29. Rd4
{[%clk 0:00:33]} Rfc8 {[%clk 0:01:23]} 30. Qf3 {[%clk 0:00:23]} R8c7
{[%clk 0:01:06]} 31. Be1 {[%clk 0:00:14]} a6 {[%clk 0:00:55]} 32. h4
{[%clk 0:00:12]} Rxd4 {[%clk 0:00:51]} 33. Rxd4 {[%clk 0:00:12]} Rc4
{[%clk 0:00:52]} 34. g5 {[%clk 0:00:07]} Rxd4 {[%clk 0:00:51]} 35. cxd4
{[%clk 0:00:09]} Qc4 {[%clk 0:00:49]} 36. Kb1 {[%clk 0:00:04]} Qxd4 37. Bf2 Qxe5
{[%clk 0:00:32]} 38. Qxf7 {[%clk 0:00:05]} Qf5+ {[%clk 0:00:18]} 39. Qxf5 exf5
40. Kc2 hxg5 {[%clk 0:00:20]} 41. hxg5 {[%clk 0:00:09]} Kb8 {[%clk 0:00:17]} 42.
a3 {[%clk 0:00:06]} Kc7 {[%clk 0:00:18]} 43. Kd3 {[%clk 0:00:07]} Kd6
{[%clk 0:00:19]} 44. Kd4 {[%clk 0:00:05]} g6 {[%clk 0:00:14]} 45. Bg3+
{[%clk 0:00:04]} Ke6 {[%clk 0:00:13]} 46. Bb8 {[%clk 0:00:04]} Ne7
{[%clk 0:00:09]} 47. Bf4 {[%clk 0:00:03]} b6 {[%clk 0:00:10]} 48. b4
{[%clk 0:00:04]} Nc6+ {[%clk 0:00:11]} 49. Kc4 {[%clk 0:00:05]} Ne5+
{[%clk 0:00:12]} 50. Kd4 {[%clk 0:00:06]} Nf3+ {[%clk 0:00:13]} 51. Ke3
{[%clk 0:00:07]} Ne1 {[%clk 0:00:13]} 52. Kd2 {[%clk 0:00:04]} Ng2
{[%clk 0:00:13]} 53. Bc7 {[%clk 0:00:04]} b5 {[%clk 0:00:15]} 54. Kd3
{[%clk 0:00:05]} Kd5 {[%clk 0:00:15]} 55. Bb8 {[%clk 0:00:06]} Ne1+
{[%clk 0:00:12]} 0-1

[Event "Team Championship Russia (Blitz, Men)"]
[Site "Sochi"]
[Date "2018.10.10"]
[Round "2.30"]
[White "Chekhov, Sergei"]
[Black "Babayan, Arman S."]
[Result "1/2-1/2"]
[BlackElo "1806"]
[WhiteElo "2391"]
[LiveChessVersion "1.4.8"]

1. e4 {[%clk 0:03:03]} c5 {[%clk 0:03:04]} 2. d4 {[%clk 0:03:05]} cxd4
{[%clk 0:03:04]} 3. Nf3 {[%clk 0:03:06]} Nc6 {[%clk 0:03:04]} 4. Nxd4
{[%clk 0:03:05]} Nf6 {[%clk 0:03:06]} 5. Nc3 {[%clk 0:03:06]} e6 {[%clk 0:03:07]}
6. Ndb5 {[%clk 0:02:54]} d6 {[%clk 0:03:09]} 7. Bf4 {[%clk 0:02:54]} e5
{[%clk 0:03:10]} 8. Bg5 {[%clk 0:02:55]} a6 {[%clk 0:03:11]} 9. Na3
{[%clk 0:02:56]} Be7 {[%clk 0:03:13]} 10. Bxf6 {[%clk 0:02:43]} Bxf6
{[%clk 0:03:14]} 11. Nc4 {[%clk 0:02:45]} Be7 {[%clk 0:02:47]} 12. Nd5
{[%clk 0:02:41]} O-O {[%clk 0:02:19]} 13. Ncb6 {[%clk 0:02:37]} Rb8
{[%clk 0:02:17]} 14. Bd3 {[%clk 0:02:36]} Bg5 {[%clk 0:02:04]} 15. O-O
{[%clk 0:02:36]} Be6 {[%clk 0:01:42]} 16. c3 {[%clk 0:02:36]} Ne7
{[%clk 0:01:44]} 17. Bc4 {[%clk 0:02:22]} Nxd5 {[%clk 0:01:38]} 18. Nxd5
{[%clk 0:02:22]} b5 {[%clk 0:01:36]} 19. Bb3 {[%clk 0:02:23]} Kh8
{[%clk 0:01:35]} 20. Qe2 {[%clk 0:02:08]} Qd7 {[%clk 0:01:24]} 21. Rfd1
{[%clk 0:01:49]} f5 {[%clk 0:01:25]} 22. Nb4 {[%clk 0:01:38]} fxe4 23. Bxe6
{[%clk 0:01:38]} Qxe6 {[%clk 0:00:48]} 24. Qxe4 {[%clk 0:01:38]} a5
{[%clk 0:00:44]} 25. Nd5 {[%clk 0:01:36]} Qf7 {[%clk 0:00:21]} 26. f3
{[%clk 0:01:23]} Qf5 {[%clk 0:00:22]} 27. Qxf5 {[%clk 0:01:05]} Rxf5
{[%clk 0:00:23]} 28. Rd3 {[%clk 0:01:06]} b4 {[%clk 0:00:23]} 29. cxb4 axb4 30.
Re1 {[%clk 0:00:36]} h6 {[%clk 0:00:26]} 31. g3 {[%clk 0:00:31]} h5
{[%clk 0:00:13]} 32. Kg2 {[%clk 0:00:28]} h4 {[%clk 0:00:13]} 33. Re4
{[%clk 0:00:27]} hxg3 {[%clk 0:00:14]} 34. hxg3 {[%clk 0:00:28]} Bc1
{[%clk 0:00:15]} 35. Rxb4 {[%clk 0:00:26]} Rxb4 {[%clk 0:00:15]} 36. Nxb4
{[%clk 0:00:26]} Bxb2 {[%clk 0:00:16]} 37. Rxd6 {[%clk 0:00:27]} Ba3
{[%clk 0:00:16]} 38. Rd8+ {[%clk 0:00:28]} Kh7 {[%clk 0:00:18]} 39. Nd5
{[%clk 0:00:27]} Rf7 {[%clk 0:00:16]} 40. Ra8 {[%clk 0:00:27]} Bc5
{[%clk 0:00:15]} 41. Ra5 {[%clk 0:00:28]} Bd4 {[%clk 0:00:14]} 42. Ra6
{[%clk 0:00:13]} Rb7 {[%clk 0:00:15]} 43. a4 {[%clk 0:00:10]} Rb2+
{[%clk 0:00:16]} 44. Kh3 {[%clk 0:00:12]} Rb3 {[%clk 0:00:16]} 45. Kg4
{[%clk 0:00:13]} Ra3 {[%clk 0:00:16]} 46. Ne7 {[%clk 0:00:13]} Bf2
{[%clk 0:00:05]} 47. Nf5 {[%clk 0:00:14]} Be1 {[%clk 0:00:05]} 48. Ra7
{[%clk 0:00:14]} Kh8 {[%clk 0:00:05]} 49. Nxg7 {[%clk 0:00:14]} e4
{[%clk 0:00:06]} 50. fxe4 {[%clk 0:00:15]} Rxg3+ {[%clk 0:00:07]} 51. Kf5
{[%clk 0:00:15]} Rxg7 {[%clk 0:00:08]} 52. Rxg7 {[%clk 0:00:13]} Kxg7
{[%clk 0:00:09]} 53. Ke6 {[%clk 0:00:14]} Kf8 {[%clk 0:00:10]} 54. Kd7
{[%clk 0:00:15]} Bc3 {[%clk 0:00:09]} 55. Kd8 {[%clk 0:00:16]} Kf7
{[%clk 0:00:10]} 56. Kd7 {[%clk 0:00:17]} Kf8 {[%clk 0:00:11]} 57. Kd6
{[%clk 0:00:17]} Ke8 {[%clk 0:00:12]} 58. e5 {[%clk 0:00:18]} Kd8
{[%clk 0:00:09]} 59. Kd5 {[%clk 0:00:20]} Bxe5 {[%clk 0:00:08]} 60. Kxe5
{[%clk 0:00:21]} Kc7 {[%clk 0:00:10]} 61. Kd5 {[%clk 0:00:22]} Kb6
{[%clk 0:00:11]} 62. Kc4 {[%clk 0:00:23]} Ka5 {[%clk 0:00:12]} 63. Kc3
{[%clk 0:00:25]} Kxa4 {[%clk 0:00:13]} 1/2-1/2